[Event "45th Olympiad 2024"]
[Site "Budapest HUN"]
[Date "2024.09.22"]
[Round "11.45"]
[Board "4"]
[White "Garcia Fuentes, Sergio Miguel"]
[Black "Gong, Daniel Hanwen"]
[Result "0-1"]
[WhiteElo "2114"]
[BlackElo "2240"]
[PlyCount "120"]
[EventDate "2024.09.11"]
[WhiteTeam "Guatemala"]
[BlackTeam "New Zealand"]
[WhiteTeamCountry "GUA"]
[BlackTeamCountry "NZL"]

1. e4 c6 2. Nf3 d5 3. Nc3 Bg4 4. h3 Bxf3 5. Qxf3 e6 6. Be2 Nf6 7. O-O d4 8. Nb1 Bd6 9. d3 Nbd7 10. g3 ({RR} 10. Nd2 b5 11. a4 a5 12. Nb3 e5 13. Qg3 Qc7 14. Qxg7 Rg8 15. Qh6 Rg6 16. Qh4 Be7 17. f3 O-O-O 18. Kh1 Rdg8 19. Rg1 h5 20. axb5 cxb5 21. Qf2 a4 22. Nd2 Qxc2 23. f4 Ng4 24. hxg4 hxg4 {0-1 Klimkowski,J (2498)-Erigaisi,A (2778) Titled Tue 9th Jul Early 2024 (4)}) 10... c5 $146 ({RR} 10... O-O 11. Nd2 b5 12. Qg2 e5 13. f4 exf4 14. gxf4 Bc7 15. Nf3 c5 16. Nh2 Qe7 17. e5 Nxe5 18. fxe5 Bxe5 19. a4 b4 20. Nf3 Bc7 21. Nh4 Nd5 22. Nf5 Qe5 23. Bf3 Rad8 24. Bxd5 Rxd5 25. Bh6 {1-0 Tomczak,J (2606)-Paprocki,A (2196) Jana Maciei Mem 2023 (2.2)}) ({RR} 10... h5 11. h4 Ng4 12. Qg2 e5 13. Qh3 Ndf6 14. Nd2 Bc7 15. Nf3 Qd7 16. Nh2 Nxh2 17. Kxh2 Ng4+ 18. Kg1 g6 19. f3 Nh6 20. Qxd7+ Kxd7 21. g4 f6 22. gxh5 gxh5 23. Kh2 Nf7 24. Rg1 Rhg8 25. Bd2 {1-0 Blohberger,F (2459)-Rabatin,J (2313) EU-ch 20th Skopje 2019 (6)}) ({RR} 10... h5 11. Qg2 h4 12. g4 e5 13. Nd2 Nh7 14. Nc4 Bc7 15. f4 exf4 16. Bxf4 Bxf4 17. Rxf4 Qe7 18. e5 Ng5 19. Nd6+ Kf8 20. Nxb7 Nxe5 21. Na5 Qc5 22. Nb3 Qxc2 23. Nxd4 Qxb2 24. Raf1 g6 25. Nxc6 {0-1 Perez Gormaz,M (2387)-Livaic,L (2562) Titled Tuesday intern op 31st May Early blitz 2022 (5)}) 11. Nd2 b5 12. Qg2 Nb6 13. f4 Nfd7 14. e5 Be7 15. Bf3 Rc8 16. Nb3 O-O 17. Na5 Nb8 18. Nc6 Qc7 19. Nxe7+ Qxe7 20. Be4 N8d7 21. Bc6 b4 22. a3 Rc7 23. Bd2 Rfc8 24. Be4 a5 25. g4 c4 26. axb4 axb4 27. g5 cxd3 28. Bxd3 Nd5 29. Qe4 g6 30. Qxd4 Qc5 31. Qxc5 Nxc5 32. Rfc1 b3 33. Kf2 Nb4 34. Ke2 Na2 35. cxb3 Nxc1+ 36. Rxc1 Nxd3 37. Rxc7 Nxf4+ 38. Bxf4 Rxc7 39. Kd3 Kf8 40. b4 Ke7 41. Be3 Kd7 42. b5 Kc8 43. b4 Kb7 44. Bc5 Rc8 45. Ke4 Rd8 46. h4 Rd1 47. Kf4 Rf1+ 48. Kg4 Rf5 49. Bd4 Kc8 50. Kg3 Rf1 51. Kg4 Rd1 52. Bc5 Rc1 53. Kf4 Rc4+ 54. Kg3 Kb7 55. Kh3 Re4 56. Bd6 Kb6 57. Kg3 Kxb5 58. Kh3 Rxb4 59. Bxb4 Kxb4 60. h5 Kc4 0-1

[Event "45th Olympiad 2024"]
[Site "Budapest HUN"]
[Date "2024.09.22"]
[Round "11.46"]
[Board "1"]
[White "Espinoza Solano, Jose Nahum"]
[Black "Barrish, Daniel"]
[Result "0-1"]
[WhiteElo "2156"]
[BlackElo "2281"]
[PlyCount "100"]
[EventDate "2024.09.11"]
[WhiteTeam "Nicaragua"]
[BlackTeam "South Africa"]
[WhiteTeamCountry "NCA"]
[BlackTeamCountry "RSA"]

1. e4 c6 2. d4 d5 3. exd5 cxd5 4. c4 Nf6 5. Nc3 Nc6 6. Nf3 a6 7. c5 Bg4 8. Be2 g6 9. h3 Bxf3 10. Bxf3 Bg7 11. O-O O-O 12. Re1 e6 13. Rb1 ({RR} 13. Bg5 h6 14. Bf4 Nh7 15. Ne2 Ng5 16. Qd3 Nb4 17. Qb3 Nxf3+ 18. gxf3 Nc6 19. Rad1 Qd7 20. Kg2 Ne7 21. Bd6 Rfe8 22. Bxe7 Rxe7 23. f4 Rae8 24. Ng1 Bf6 25. Nf3 Qb5 26. Qxb5 axb5 27. Rd3 Rd8 {1-0 Kolb,T (2323)-Gruca,M (2198) Titled Tue 9th Apr Late 2024 (5)}) 13... Nd7 $146 ({RR} 13... Qd7 14. b4 Nxd4 15. Qxd4 Ne4 16. Rxe4 Bxd4 17. Rxd4 Rfc8 18. Bf4 b6 19. Bd6 Rc6 20. Nxd5 exd5 21. Bxd5 Rxd6 22. cxd6 Rd8 23. Rbd1 Kg7 24. Bb3 Kf8 25. Rf4 f5 26. Rc4 Rc8 27. Rxc8+ Qxc8 28. d7 {1-0 Miazhynski,M (2124)-Mayrhuber,T (1995) TCh-AUT 2nd Ost 2022-23 (4.5)}) 14. Be3 f5 15. Ne2 g5 16. g3 h6 17. b4 b6 18. Bg2 Nf6 19. a4 b5 20. axb5 axb5 21. Qd3 Qd7 22. f4 Ne4 23. Rb3 Rfb8 24. Reb1 Ra2 25. Nc3 Nxc3 26. Rxc3 gxf4 27. gxf4 Bf6 28. Kh1 Kh8 29. Rc2 Rxc2 30. Qxc2 Nxd4 31. Qb2 Qg7 32. Bxd4 Bxd4 33. Qe2 Rg8 34. c6 Be3 35. Rf1 d4 36. c7 Qxc7 37. Qxb5 Bxf4 38. Qc6 Qxc6 39. Bxc6 e5 40. b5 Rg3 41. Rb1 Rxh3+ 42. Kg2 Rg3+ 43. Kf2 e4 44. b6 d3 45. b7 e3+ 46. Kf1 Rg8 47. Bd5 Re8 48. Bc4 e2+ 49. Kf2 Be3+ 50. Ke1 Bg5 0-1

[Event "45th Olympiad 2024"]
[Site "Budapest HUN"]
[Date "2024.09.22"]
[Round "11.46"]
[Board "2"]
[White "Karsten, Jan"]
[Black "Alfaro, William"]
[Result "1-0"]
[WhiteElo "2311"]
[BlackElo "2133"]
[PlyCount "47"]
[EventDate "2024.09.11"]
[WhiteTeam "South Africa"]
[BlackTeam "Nicaragua"]
[WhiteTeamCountry "RSA"]
[BlackTeamCountry "NCA"]

1. e4 c5 2. Nf3 Nc6 3. Bb5 g6 4. O-O Bg7 5. Re1 Nf6 6. c3 O-O 7. d4 d5 8. e5 Ne4 9. Bxc6 bxc6 10. Be3 cxd4 11. cxd4 Rb8 12. Qc1 f6 13. exf6 exf6 14. Nbd2 Bf5 15. Qxc6 ({RR} 15. Nxe4 dxe4 16. Nd2 Qd5 17. Qc2 Rfe8 18. b3 Bd7 19. Nc4 Rbc8 20. Bf4 Re6 21. Rad1 Be8 22. Ne3 Qa5 23. d5 Re7 24. d6 Rd7 25. Nc4 Qf5 26. Qxe4 Qxe4 27. Rxe4 Bf7 28. Re7 Rcd8 29. Rxd7 Rxd7 {0-1 Perez Ponsa,F (2539)-Sydoryka,V (2301) Titled Tue 7th May Late 2024 (3)}) 15... Nxd2 16. Nxd2 Rxb2 17. Nb3 Rc2 $146 ({RR} 17... Rf7 18. Nc5 Bf8 19. Bf4 Re7 20. Rxe7 Qxe7 21. Qxd5+ Qf7 22. Qd8 Qxa2 23. Rf1 Rb6 24. Bh6 Qf7 {½-½ Annaberdiev,M (2503)-Kotronias,V (2485) Ayvalik Plati 2022 (3)}) 18. Nc5 g5 19. Rec1 Rxc1+ 20. Rxc1 Re8 21. Nb7 Qd7 22. Qxd7 Bxd7 23. Rc7 Bf5 24. Nd6 1-0

[Event "45th Olympiad 2024"]
[Site "Budapest HUN"]
[Date "2024.09.22"]
[Round "11.46"]
[Board "3"]
[White "Sanchez, Steven"]
[Black "Levitan, Caleb Levi"]
[Result "0-1"]
[WhiteElo "2072"]
[BlackElo "2193"]
[PlyCount "138"]
[EventDate "2024.09.11"]
[WhiteTeam "Nicaragua"]
[BlackTeam "South Africa"]
[WhiteTeamCountry "NCA"]
[BlackTeamCountry "RSA"]

1. c4 e6 2. Nf3 d5 3. e3 Nf6 4. b3 Be7 5. Bb2 O-O 6. Nc3 c5 7. cxd5 exd5 8. d4 b6 9. Rc1 Bg4 10. Be2 Nc6 11. Na4 Ne4 12. O-O Rc8 13. dxc5 bxc5 14. Nd2 $146 ({RR} 14. Ne5 Bxe2 15. Qxe2 Nxe5 16. Bxe5 Qa5 17. Nc3 Nxc3 18. Bxc3 Qb6 19. Rfd1 Rfd8 20. Rxd5 Rxd5 21. Qg4 Bf6 22. Bxf6 Qxf6 23. Qxc8+ Qd8 24. Qxd8+ Rxd8 25. Kf1 Rc8 26. Rc4 a5 27. Ra4 Ra8 28. a3 Kf8 {1-0 Obolenskikh,D (2544)-Rensch,D (2402) Titled Tuesday intern op 14th April blitz 2020 (2)}) 14... Bxe2 15. Qxe2 Nxd2 16. Qxd2 c4 17. bxc4 dxc4 18. Qc3 Bf6 19. Qxc4 Bxb2 20. Nxb2 Ne5 21. Qe2 Qa5 22. f4 Nd7 23. Nd3 Qa6 24. Qd2 Rcd8 25. Nb4 Qa5 26. Qc3 Nb6 27. Qb3 Rd2 28. Rf2 Rxf2 29. Kxf2 h6 30. Kg1 Rc8 31. Rxc8+ Nxc8 32. h3 Qc5 33. Kh2 Nd6 34. Na6 Qc6 35. Qd3 Ne4 36. Nb4 Qg6 37. g4 a5 38. Nd5 Qe6 39. Kg2 h5 40. Kf3 hxg4+ 41. hxg4 Nf6 42. Nxf6+ Qxf6 43. Qe4 Qd8 44. Kg3 Qd2 45. Qe8+ Kh7 46. Qxf7 Qxe3+ 47. Kh4 a4 48. Qf5+ Kh8 49. Qc8+ Kh7 50. Qc2+ Kh8 51. Qxa4 Qe1+ 52. Kg5 Qe7+ 53. Kf5 Qf6+ 54. Ke4 Qg6+ 55. Kf3 Qd3+ 56. Kg2 Qe2+ 57. Kg3 Qe3+ 58. Kh4 Qe1+ 59. Kg5 Qe7+ 60. Kh5 Qe6 61. Qa8+ Kh7 62. Kh4 Qe1+ 63. Kh3 Qe3+ 64. Kg2 Qe2+ 65. Kg3 Qe1+ 66. Kh3 Qe3+ 67. Kh4 Qe1+ 68. Kg5 Qe7+ 69. Kf5 g6# 0-1

[Event "45th Olympiad 2024"]
[Site "Budapest HUN"]
[Date "2024.09.22"]
[Round "11.46"]
[Board "4"]
[White "Cawdery, Daniel"]
[Black "Ortiz, Marcos"]
[Result "0-1"]
[WhiteElo "2356"]
[BlackElo "2191"]
[PlyCount "68"]
[EventDate "2024.09.11"]
[WhiteTeam "South Africa"]
[BlackTeam "Nicaragua"]
[WhiteTeamCountry "RSA"]
[BlackTeamCountry "NCA"]

1. e4 e6 2. d4 d5 3. Nd2 c5 4. Ngf3 cxd4 5. Nxd4 Nc6 6. Bb5 Bd7 7. Nxc6 Bxc6 8. Bxc6+ bxc6 9. c4 Nf6 10. Qa4 Qd7 11. e5 Ng4 12. Nf3 Rb8 ({RR} 12... f6 13. exf6 gxf6 14. cxd5 exd5 15. O-O Bd6 16. Bf4 c5 17. Rfe1+ Be7 18. Rxe7+ Kxe7 19. Re1+ Ne5 20. Qc2 Rhe8 21. Bxe5 fxe5 22. Nxe5 Kd6 23. f4 Qg7 24. b4 c4 25. Qc3 Qc7 26. Kh1 Rac8 27. Rd1 {1-0 Anand,V (2803)-Bartel,M (2622) Wch Rapid Berlin 2015 (13)}) ({RR} 12... Bc5 13. O-O O-O 14. cxd5 exd5 15. h3 Nxf2 16. Rxf2 Bxf2+ 17. Kxf2 f6 18. exf6 Rxf6 19. Bg5 Re6 20. Rc1 Rae8 21. Kg1 Qc7 22. Bh4 Qb6+ 23. Bf2 Qxb2 24. Rxc6 Re2 25. Rc7 Qxa2 26. Qd7 Qa1+ 27. Kh2 {1-0 Baltag,I (2413)-Burcu,C (2303) Satranc Arena IM Chess 3 2024 (9.5)}) 13. a3 c5 14. Qc2 Be7 15. cxd5 $146 ({RR} 15. h3 Nh6 16. Bxh6 gxh6 17. O-O O-O 18. Rad1 Rfd8 19. Rd3 Qb7 20. b3 dxc4 21. bxc4 Rxd3 22. Qxd3 Qb3 23. Qd7 Qb7 24. Qd3 Qb3 25. Qd7 Qb7 26. Qa4 Kg7 27. Re1 Rd8 28. Rd1 Rxd1+ 29. Qxd1 Qe4 {½-½ Kuzmin,A (2440)-Kholmov,R (2430) Moscow-ch 65th 1987}) ({RR} 15. O-O O-O 16. Rd1 f6 17. exf6 Nxf6 18. Bf4 Bd6 19. Bg3 Rfe8 20. Re1 Ne4 21. Rad1 Bxg3 22. Rxe4 Bd6 23. Re2 d4 24. Ng5 g6 25. Rd3 Re7 26. Ne4 Rf8 27. b4 Qc7 28. g3 Qc6 29. b5 Qb6 {1-0 Kantans,T (2529)-Novais,C (2121) POR-chT Maia 2018 (3.5)}) 15... exd5 16. h3 Nh6 17. Bxh6 gxh6 18. O-O O-O 19. Rad1 Rb6 20. Rd2 a5 21. Qc4 d4 22. Rc1 Rfb8 23. Rcc2 Qf5 24. Ne1 Rg6 25. Qd3 Qxe5 26. Re2 Qd6 27. Qc4 Qd7 28. Nd3 Bd6 29. Kh1 Qf5 30. f3 Kh8 31. Re4 Rbg8 32. Rg4 Rxg4 33. hxg4 Rxg4 34. Nxc5 Qe5 0-1

[Event "45th Olympiad 2024"]
[Site "Budapest HUN"]
[Date "2024.09.22"]
[Round "11.47"]
[Board "1"]
[White "Arab, Adlane"]
[Black "Pace, Colin"]
[Result "1-0"]
[WhiteElo "2477"]
[BlackElo "2186"]
[PlyCount "109"]
[EventDate "2024.09.11"]
[WhiteTeam "Algeria"]
[BlackTeam "Malta"]
[WhiteTeamCountry "ALG"]
[BlackTeamCountry "MLT"]

1. d4 {Huzman,Alexander} d5 2. c4 dxc4 3. e3 a6 4. Bxc4 Nf6 5. Nf3 e6 6. O-O c5 7. Bb3 Nc6 8. Nc3 cxd4 9. exd4 Be7 10. Re1 O-O 11. Bg5 ({RR} 11. Bf4 Na5 12. d5 Nxb3 13. Qxb3 Nxd5 14. Rad1 Nxf4 15. Rxd8 Rxd8 16. Rd1 Nd5 17. Ne5 ({RR} 17. Nxd5 exd5 18. h3 b5 19. Rxd5 Be6 20. Rxd8+ Rxd8 21. Qc2) 17... Bf6 18. Nc4 Rb8 ({RR} 18... Nxc3 19. Rxd8+ Bxd8 20. Nb6) 19. Na5 ({RR} 19. Nxd5 exd5 20. Ne3 Be6 ({RR} 20... d4 21. Nd5 Be5 22. Re1 Bd6) 21. Nxd5 Bxb2 22. Qxb2 Rxd5 23. Rxd5 Bxd5) ({RR} 19. Nb6 Nxb6 20. Qxb6 Bd7 21. Ne4 Be7) 19... Bd7 20. Ne4 ({RR} 20. Nxd5 exd5 21. Rxd5 b6 22. Nc4 Be6) 20... Be7 21. Nc4 Bb5 22. Ne5 Be8 23. h3 b5 24. Qg3 Rbc8 25. Kh1 a5 {0-1 Kramnik,V (2802)-Kasparov,G (2838) Botvinnik Memorial m 5' blitz 2001 (7)}) 11... Nb4 ({RR} 11... Na5 12. Bc2 b5 13. Qd3 g6 14. Ne5 Bb7 15. Rad1 Rc8 16. Bh6 Re8 17. Qh3 Qd6 18. Bf4 Qb6 19. a3 Nc4 20. Bb3 Nd5 21. Bc1 Nxe5 22. Nxd5 Bxd5 23. Bxd5 exd5 24. dxe5 Rc2 25. Be3 Qc6 26. Bd4 {0-1 Hoang Thi Bao Tram (2244)-Estrada Nieto,J (2212) Titled Tue 10th Oct Early 2023 (6)}) 12. Ne5 Nfd5 13. Bxe7 $146 ({RR} 13. Bd2 Nf6 14. Qf3 Ra7 15. Rad1 b6 16. d5 Bb7 17. Nc6 Bxc6 18. dxc6 Qc7 19. Rc1 Qxc6 20. Nd5 Qb5 21. a4 Qa5 22. Nxe7+ Rxe7 23. Qc3 Nbd5 24. Qd4 {1-0 Hauser,C (2230)-Haas,S (2225) Verbandsliga Nord Baden 1314 2013 (8.1)}) 13... Nxe7 14. Qf3 Nbd5 15. Bxd5 Nxd5 16. Nxd5 exd5 17. Qb3 b5 18. Nc6 Qd6 19. Qxd5 Qxd5 20. Ne7+ Kh8 21. Nxd5 Be6 22. Ne3 Rfd8 23. Red1 Bd5 24. f3 Rac8 25. Kf2 f5 26. Kg3 g6 27. a3 Rc6 28. Rac1 Re6 29. Rd3 Red6 30. h4 h6 31. h5 Rf8 32. Nxd5 Rxd5 33. hxg6 f4+ 34. Kf2 Kg7 35. Rc5 Rfd8 36. Rxd5 Rxd5 37. Rd2 Kxg6 38. Ke2 Rd8 39. Kd3 Kf5 40. Re2 Rg8 41. d5 Rc8 42. Re6 Rc5 43. Rxh6 Rxd5+ 44. Kc3 Rc5+ 45. Kb3 Ke5 46. Rxa6 Kd4 47. Re6 Rg5 48. Re4+ Kc5 49. Rxf4 Rxg2 50. Kc3 Re2 51. Rf5+ Kc6 52. b3 Re3+ 53. Kb4 Rd3 54. Rc5+ Kd6 55. Rxb5 1-0

[Event "45th Olympiad 2024"]
[Site "Budapest HUN"]
[Date "2024.09.22"]
[Round "11.47"]
[Board "2"]
[White "Novak, Attila Robert"]
[Black "Djabri, Massinas"]
[Result "0-1"]
[WhiteElo "2135"]
[BlackElo "2280"]
[PlyCount "100"]
[EventDate "2024.09.11"]
[WhiteTeam "Malta"]
[BlackTeam "Algeria"]
[WhiteTeamCountry "MLT"]
[BlackTeamCountry "ALG"]

1. d4 Nf6 2. Nf3 g6 3. c4 Bg7 4. g3 O-O 5. Bg2 d6 6. Nc3 Nc6 7. O-O Bg4 8. d5 Na5 9. b3 c6 ({RR} 9... Qd7 10. Bb2 Bh3 11. Qd3 b6 12. e4 Nb7 13. Rad1 Nc5 14. Qc2 a5 15. e5 Bxg2 16. Kxg2 Ng4 17. exd6 exd6 18. Bc1 Nh6 19. Nd4 Rfe8 20. Ncb5 Bxd4 21. Nxd4 Nf5 22. Nf3 f6 23. h3 Re4 24. Rfe1 {1-0 LCZero 0.30-dag-bord-lf_78496 (3589)-Ethereal 13.89_NNUE (3515) TCEC 23 Premier 2022 (19.2)}) ({RR} 9... e5 10. dxe6 Bxe6 11. Bb2 Nc6 12. Nd4 Bd7 13. Nxc6 bxc6 14. Qd2 Re8 15. e3 h5 16. Ne2 h4 17. Nd4 Ne4 18. Qc2 Qe7 19. Rae1 h3 20. Bh1 a5 21. Ne2 Bxb2 22. Qxb2 a4 23. Nf4 Ng5 24. b4 {0-1 Rostomyan,M (2319)-Niemann,H (2688) Titled Tue 28th May Late 2024 (3)}) 10. Bd2 cxd5 $146 ({RR} 10... c5 11. h3 Bxf3 12. exf3 a6 13. Rc1 b5 14. Ne4 Nxe4 15. fxe4 Bd4 16. Kh2 e5 17. f4 f6 18. h4 Ra7 19. Qe1 b4 20. Bh3 Kh8 21. f5 Rg8 22. fxg6 hxg6 23. Be6 Rf8 24. Qe2 Rh7 25. Kg2 {1-0 Klekowski,M (2467)-Kryakvin,D (2554) Titled Tuesday intern op 7th Febr blitz 2017 (4)}) 11. cxd5 Rc8 12. Rc1 Nd7 13. h3 Bxf3 14. Bxf3 a6 15. Ne4 b6 16. Bxa5 bxa5 17. Qd2 Rxc1 18. Rxc1 Ne5 19. Bg2 Qb6 20. e3 h6 21. f4 Nd7 22. Rc6 Qa7 23. Qc1 Nb6 24. Nd2 Nd7 25. Kf2 Nc5 26. Qc4 f5 27. a3 Rb8 28. b4 axb4 29. a4 b3 30. Bf1 b2 31. Nb1 Qb7 32. Kf3 Qb3 33. Rxc5 dxc5 34. d6+ Qxc4 35. Bxc4+ e6 36. Bxa6 Rd8 37. Bc4 Rxd6 38. Ke2 Kf7 39. a5 Ke7 40. a6 Rd8 41. Bb5 Kd6 42. Kd2 e5 43. Kc2 exf4 44. exf4 Kc7 45. Be2 Kb6 46. Na3 Re8 47. Bd3 Re1 48. Nc4+ Ka7 49. Nxb2 Bxb2 50. Kxb2 Re3 0-1

[Event "45th Olympiad 2024"]
[Site "Budapest HUN"]
[Date "2024.09.22"]
[Round "11.47"]
[Board "3"]
[White "Boulrens, Ala Eddine"]
[Black "Mizzi, Jack"]
[Result "1/2-1/2"]
[WhiteElo "2137"]
[BlackElo "2053"]
[PlyCount "104"]
[EventDate "2024.09.11"]
[WhiteTeam "Algeria"]
[BlackTeam "Malta"]
[WhiteTeamCountry "ALG"]
[BlackTeamCountry "MLT"]

1. e4 e5 2. Bc4 Nf6 3. d3 Nc6 4. Nc3 Na5 5. Bb3 Nxb3 6. axb3 Bb4 7. Bg5 ({RR} 7. Nge2 d5 8. exd5 Nxd5 9. O-O O-O 10. Bd2 Nxc3 11. bxc3 Bd6 12. c4 b6 13. Ng3 Bb7 14. Nf5 Qf6 15. Nxd6 Qxd6 16. f3 a5 17. Be3 c5 18. Qe1 Rae8 19. Qf2 Re6 20. Rae1 f5 21. Re2 f4 {½-½ Dubov,D (2677)-Antipov,M (2588) Moscow Eliseev Memorial1 2017 (3)}) ({RR} 7. f4 exf4 8. Bxf4 d5 9. e5 d4 10. exf6 Qxf6 11. Ra4 Qe7+ 12. Nge2 dxc3 13. O-O b5 14. Rxb4 Qxb4 15. bxc3 Qc5+ 16. d4 Qb6 17. Qd3 O-O 18. Qg3 Qg6 19. Bxc7 Qxg3 20. Nxg3 Be6 21. Ba5 Rfe8 {0-1 Kairbekova,A (2204)-Mikheeva,G (1969) Lozovatsky Mem B 2023 (8.12)}) 7... h6 8. Bh4 g5 9. Bg3 Qe7 $146 ({RR} 9... d5 10. exd5 Nxd5 11. Bxe5 O-O 12. Kf1 Re8 13. Nxd5 Qxd5 14. Bc3 Bxc3 15. bxc3 b6 16. Qf3 Bb7 17. Qxd5 Bxd5 18. Nh3 Re6 19. f3 Rae8 20. c4 Bc6 21. Nf2 f5 22. d4 Re2 23. d5 Bd7 24. Ne4 {1-0 Sladek,V-Rac,V Brno Gargulak Memorial-B 1996 (5)}) ({RR} 9... d6 10. h4 g4 11. h5 c6 12. Kf1 Qc7 13. Nge2 Bxc3 14. Nxc3 Be6 15. Qd2 a6 16. Qe3 Nd7 17. d4 O-O-O 18. dxe5 dxe5 19. Rd1 f6 20. Rd2 Bf7 {½-½ Sarbay,A (2083)-Bendik,M (1632) Minsk op 2022 (9)}) 10. Nge2 c6 11. h4 Rg8 12. hxg5 hxg5 13. Kf1 d6 14. d4 Bd7 15. Qd3 Bxc3 16. Nxc3 Kf8 17. f3 Kg7 18. dxe5 dxe5 19. Qe3 Kg6 20. Rxa7 Nh5 21. Be1 Rxa7 22. Qxa7 g4 23. Qe3 f5 24. exf5+ Bxf5 25. Bh4 Qh7 26. Qxe5 Qh6 27. Ne4 Qf4 28. Qxf4 Nxf4 29. Bg3 Bxe4 30. fxe4 Nh5 31. Bc7 Re8 32. Kf2 Rxe4 33. Rd1 Re7 34. Bb6 Rf7+ 35. Kg1 g3 36. Be3 Re7 37. Re1 Re4 38. Kf1 Kf5 39. Ke2 Kg4 40. Rf1 Re8 41. Rf7 b5 42. b4 Ra8 43. b3 Rd8 44. Rf3 Rd6 45. Rf8 Nf6 46. c4 Re6 47. Kd3 Rd6+ 48. Bd4 Nd7 49. Rf1 c5 50. bxc5 Nxc5+ 51. Kc3 Ne4+ 52. Kd3 Nc5+ 1/2-1/2

[Event "45th Olympiad 2024"]
[Site "Budapest HUN"]
[Date "2024.09.22"]
[Round "11.47"]
[Board "4"]
[White "Zerafa, Patrick"]
[Black "Bengherabi, Khalil"]
[Result "1/2-1/2"]
[WhiteElo "1986"]
[BlackElo "2076"]
[PlyCount "75"]
[EventDate "2024.09.11"]
[WhiteTeam "Malta"]
[BlackTeam "Algeria"]
[WhiteTeamCountry "MLT"]
[BlackTeamCountry "ALG"]

1. Nf3 d5 2. e3 Nf6 3. c4 e6 4. b3 Be7 5. Bb2 O-O 6. Nc3 dxc4 7. bxc4 c5 8. g3 $146 ({RR} 8. Be2 b6 9. d3 Nc6 10. O-O Bb7 11. Qc2 Rc8 12. Rad1 Qc7 13. Nd2 Ne8 14. f4 f5 15. Nf3 Nd6 16. h3 a6 17. a4 Nf7 18. Ba1 Nb4 19. Qb2 Bf6 20. Qb3 e5 21. Nd5 Bxd5 22. cxd5 Qd6 {1-0 Antal,H (2272)-Botea,D (2081) ch-ROU 2024 Eforie Nord ROU (8.13)}) ({RR} 8. Rg1 Nc6 9. g4 a6 10. g5 Ne8 11. h4 Nd6 12. h5 f5 13. Be2 Rb8 14. a4 Bd7 15. d4 cxd4 16. exd4 Ne4 17. Nxe4 fxe4 18. Nd2 Qa5 19. Qb3 Rxf2 20. Qe3 Rf5 21. O-O-O Qxa4 22. Nxe4 Nb4 {1-0 Grischuk,A (2767)-Kramnik,V (2800) Moscow Tal Memorial blitz 11th 2018 (9)}) ({RR} 8. Be2 Nc6 9. O-O b6 10. d3 Bb7 11. Ne1 Qc7 12. f4 Rfd8 13. Bf3 Rd7 14. Qe2 Rad8 15. a3 a6 16. Rb1 Ne8 17. Ba1 Ba8 18. Ne4 Qa7 19. g4 b5 20. g5 bxc4 21. dxc4 Nd6 22. Nxd6 Rxd6 {0-1 Averbakh,Y-Spassky,B URS-ch23 Final 1956 (1)}) ({RR} 8. Be2 Nc6 9. Qc2 b6 10. a3 Bb7 11. Rg1 Na5 12. d3 Ne8 13. g4 Nd6 14. g5 f5 15. h4 f4 16. e4 Nc6 17. Nb1 Nf7 18. g6 hxg6 19. Rxg6 e5 20. h5 Nh8 21. Rg1 Nf7 22. Nc3 Nd4 {1-0 Zhao,Y (2477)-Li,Y (2409) CHN Team Men 2024 (4.3)}) 8... Nc6 9. Be2 b6 10. O-O Bb7 11. d3 Rc8 12. Ne1 Ne8 13. Bf3 Qc7 14. Qe2 Bf6 15. Rd1 Rd8 16. Bg2 Rd7 17. f4 Qd8 18. f5 Nd6 19. fxe6 fxe6 20. Bh3 Qe7 21. Ng2 Rdd8 22. Nb5 Nxb5 23. cxb5 Nb4 24. Bxf6 Rxf6 25. e4 Rxf1+ 26. Kxf1 Qf6+ 27. Kg1 Qd4+ 28. Ne3 Nxd3 29. Bxe6+ Kh8 30. Bd5 Bxd5 31. Qxd3 Bxa2 32. Qa3 Qxd1+ 33. Nxd1 Rxd1+ 34. Kf2 Bg8 35. Qxa7 Rd6 36. Qc7 Rf6+ 37. Ke3 h6 38. h3 1/2-1/2

[Event "45th Olympiad 2024"]
[Site "Budapest HUN"]
[Date "2024.09.22"]
[Round "11.48"]
[Board "1"]
[White "Michaelides, Konstantinos"]
[Black "Miguel, Sergio"]
[Result "1-0"]
[WhiteElo "2297"]
[BlackElo "2241"]
[PlyCount "161"]
[EventDate "2024.09.11"]
[WhiteTeam "Cyprus"]
[BlackTeam "Angola"]
[WhiteTeamCountry "CYP"]
[BlackTeamCountry "ANG"]

1. d4 d5 2. c4 e6 3. Nf3 Nf6 4. g3 Bb4+ 5. Bd2 Be7 6. Bg2 O-O 7. O-O c6 8. Qc2 Ne4 9. Be3 Nd7 10. Nbd2 Nd6 11. Bf4 f5 12. Ne1 $146 ({RR} 12. b4 a6 13. a4 Nxc4 14. Nxc4 dxc4 15. Qxc4 Nb6 16. Qb3 Qd5 17. Qb2 Qd8 18. Ne5 Nd5 19. Bd2 Bd7 20. Rfe1 Be8 21. Nd3 Bg6 22. Nc5 Bxc5 23. bxc5 Rf7 24. Ra3 Qe7 25. Rb3 Rd8 26. Qc1 Nf6 {1-0 Georgiev,K (2535)-Enklaar,B (2395) OHRA Open Amsterdam 1985 (9)}) 12... g5 13. Bxd6 Bxd6 14. Nd3 Nf6 15. Nf3 Nd7 16. Rad1 Qe7 17. c5 Bc7 18. Nfe5 Nxe5 19. Nxe5 Bd7 20. f4 Bxe5 21. dxe5 b6 22. Rc1 b5 23. fxg5 Qxg5 24. Rf4 a5 25. Bf3 Be8 26. Qd2 Qg7 27. Qd4 Bg6 28. Rf1 Ra7 29. Kf2 Rb7 30. Ke1 Qe7 31. e3 Qg5 32. Kd2 h5 33. Rf2 Rg7 34. Qc3 Qe7 35. Be2 Rh7 36. Qd4 a4 37. Bd3 Rg7 38. Kc3 Bf7 39. Be2 Rb8 40. Rh4 Rg5 41. Kd2 Kf8 42. Qf4 Ke8 43. Qd4 Bg6 44. Rhf4 Bf7 45. Qb4 Qc7 46. Qc3 Ra8 47. Rf1 Rg7 48. Rg1 Rg5 49. Rh4 Qe7 50. Rc1 Ra7 51. Qb4 Qd8 52. Rc3 Kf8 53. Ra3 Qc7 54. Qf4 Qe7 55. Rc3 Ke8 56. Qd4 Kf8 57. a3 Ke8 58. Rc1 Ra8 59. Rb1 Qd8 60. Qc3 Ra7 61. b3 axb3 62. Rxb3 Kf8 63. Bd1 Qa8 64. Qb2 Be8 65. Be2 Ra4 66. Rxa4 Qxa4 67. Rb4 Qa5 68. Qc3 Rg7 69. Kc2 Ra7 70. Kb2 Qd8 71. Qd4 Qg5 72. Qf4 Qe7 73. Qh6+ Kg8 74. Bxh5 Bxh5 75. Qxh5 Qxc5 76. Qg6+ Kf8 77. Qf6+ Ke8 78. Qxe6+ Kd8 79. Rb3 Qc4 80. Qd6+ Kc8 81. Rc3 1-0

[Event "45th Olympiad 2024"]
[Site "Budapest HUN"]
[Date "2024.09.22"]
[Round "11.48"]
[Board "2"]
[White "Silva, David"]
[Black "Isaakidis, Alexandros"]
[Result "0-1"]
[WhiteElo "2363"]
[BlackElo "2155"]
[PlyCount "64"]
[EventDate "2024.09.11"]
[WhiteTeam "Angola"]
[BlackTeam "Cyprus"]
[WhiteTeamCountry "ANG"]
[BlackTeamCountry "CYP"]

1. e4 c6 2. Nf3 d5 3. Nc3 dxe4 4. Nxe4 Nf6 5. Qe2 Na6 6. Nxf6+ gxf6 7. d4 ({RR} 7. a3 h5 8. g3 Nc7 9. Bg2 Bg4 10. h3 Bxf3 11. Bxf3 h4 12. d3 hxg3 13. fxg3 e6 14. Bd2 Qd6 15. g4 Nd5 16. O-O-O Bh6 17. Bxh6 Rxh6 18. Kb1 O-O-O 19. h4 Nf4 20. Qe3 Qd4 21. Qd2 Rhh8 {1-0 Caruana,F (2786)-Eljanov,P (2695) Titled Tue 17th Oct Late 2023 (3)}) 7... Qd5 8. c4 Qh5 ({RR} 8... Qf5 9. Qd2 e6 10. a3 h5 11. Qd3 Qxd3 12. Bxd3 f5 13. Bf4 Bg7 14. O-O-O Bd7 15. Rhe1 O-O-O 16. Ne5 Be8 17. Bc2 Bf6 18. Nf3 Rg8 19. g3 Nc7 20. h4 b5 21. b3 a5 22. a4 bxc4 23. bxc4 {1-0 Fiedorek,M (2286)-Krawczyk,F (2357) Titled Tue 26th Mar Early 2024 (9)}) 9. a3 $146 ({RR} 9. Qe3 Rg8 10. Bd2 Bf5 11. O-O-O O-O-O 12. h3 Nb4 13. Qa3 Rxg2 14. Bxb4 Rxf2 15. Nd2 Bg6 16. Bd3 Rxd4 17. Bxg6 Qxg6 18. Qxa7 Qd3 19. Bc3 Rxd2 20. Rxd2 Bh6 21. Qxd4 Bxd2+ 22. Kd1 Qf3+ 23. Kxd2 Qg2+ {1-0 Ruiz Castillo,J (2502)-Paciorkowski,L (2220) Dulles Cherry Blossom op 2021 (2)}) ({RR} 9. Bd2 Bg4 10. Qe3 Bxf3 11. gxf3 e6 12. c5 Nc7 13. Qb3 O-O-O 14. Be3 Nd5 15. Be2 Bh6 16. O-O-O Qh4 17. Rhf1 Rhg8 18. Rd3 Rg2 19. Qa4 Rxf2 20. Qxa7 Rxf1+ 21. Bxf1 Qe1+ 22. Kc2 Nxe3+ 23. Kb3 Qxf1 {0-1 Preotu,R (2487)-Oparin,G (2652) Chess.com Bullet op1 blitz 2020 (20)}) 9... Bg4 10. Be3 e6 11. O-O-O Qa5 12. Qc2 Bf5 13. Qb3 Be4 14. Bd3 Bxd3 15. Qxb7 Rb8 16. Qxc6+ Kd8 17. Ne5 fxe5 18. dxe5 Rb3 19. Qa8+ Kc7 20. Rxd3 Bc5 21. Rd7+ Kxd7 22. Rd1+ Kc7 23. Qxh8 Bxe3+ 24. fxe3 Kb7 25. Qf6 Qc7 26. Qf3+ Kb8 27. Rd4 Qxe5 28. Qxf7 Qxe3+ 29. Rd2 Nc5 30. Qg8+ Kb7 31. Qxh7+ Kb6 32. Qg8 Rd3 0-1